| 000 | 00416nam a22001697a 4500 | ||
|---|---|---|---|
| 003 | MPLRDC | ||
| 005 | 20220104124314.0 | ||
| 008 | 210129b ||||| |||| 00| 0 eng d | ||
| 082 | _a427.1 LZPZ-4 | ||
| 100 | _a李曾鹏展编 | ||
| 245 |
_a滋补炖品 _c |
||
| 260 |
_a _b香港电视出版有限公司 _c1985 |
||
| 300 | _b平 | ||
| 490 | _a李曾鹏展食谱 | ||
| 650 | _a食谱 | ||
| 942 |
_cBK _o427.1 LZPZ-4 |
||
| 999 |
_c18277 _d18267 |
||